01243cam a22002174a 4500999001500000020001500015022001800030050001800048100002100066245016200087250001200249260005900261300002600320500002000346505046300366650002800829650002000857700001800877942000700895952012300902 c4789d4789 a0534533310 a978053453331100aBF76.7b.R67 1 aRosnow, Ralph L.10aWriting papers in psychology :ba student guide to research reports, literature reviews, proposals, posters, and handouts /cRalph L. Rosnow and Mimi Rosnow. a7th ed. aAustralia ;aBelmont, CA :bThomson/Wadsworth,cc2006. axxi, 165 p. ;c23 cm. aIncludes index  aChapter 1. Getting started Chapter 2. Finding and using reference materials Chapter 3. Developing a proposal Chapter 4. Planning the research report Chapter 5. Outlining the review paper Chapter 6. Communicating statistical information Chapter 7. Writing and polishing Chapter 8. Producing the final manuscript Chapter 9. Crafting a poster and a concise report Appendix A Jane Doe's research report Appendix B John Smith's review paper Index  0aPsychologyxAuthorship. 0aReport writing.1 aRosnow, Mimi, cBK 001040708REFaMUCGMbMUCGMcGENd2008-04-15l1oBF76.7 .R67p22459r2020-08-14 00:00:00s2019-04-09w2019-01-15yBK